[Event "China zt 3.5"]
[Site "Shenzhen"]
[Date "2023.04.07"]
[Round "3"]
[White "Wang, Yanbin"]
[Black "Cai, Songliang"]
[Result "1-0"]
[WhiteElo "2453"]
[BlackElo "2073"]
[PlyCount "49"]
[EventDate "2023.04.05"]
[EventType "swiss"]
[EventRounds "9"]
[EventCountry "CHN"]
[SourceTitle "CBM 213 Extra"]
[Source "ChessBase"]
[SourceDate "2023.05.31"]
[SourceVersion "1"]
[SourceVersionDate "2023.05.31"]
[SourceQuality "1"]

1. c4 Nf6 2. Nf3 c5 3. Nc3 Nc6 4. g3 d5 5. cxd5 Nxd5 6. Bg2 Nc7 7. Qa4 Bd7 8. Qe4 f6 9. d4 cxd4 10. Nxd4 e6 11. 0-0 Bc5 12. Nxc6 Bxc6 13. Qg4 0-0 14. Bxc6 bxc6 15. Bf4 Re8 16. Rad1 Qe7 17. Bxc7 Qxc7 18. Ne4 Qe5 19. Rd7 Re7 20. Nxc5 Qxc5 21. b4 Qxb4 22. Qxb4 Rxd7 23. Qc4 Kf7 24. Qxc6 Rad8 25. Rb1 1-0

[Event "China zt 3.5"]
[Site "Shenzhen"]
[Date "2023.04.05"]
[Round "1"]
[White "Wang, Yanbin"]
[Black "Zhang, Di"]
[Result "0-1"]
[WhiteElo "2453"]
[BlackElo "2143"]
[PlyCount "40"]
[EventDate "2023.04.05"]
[EventType "swiss"]
[EventRounds "9"]
[EventCountry "CHN"]
[SourceTitle "CBM 213 Extra"]
[Source "ChessBase"]
[SourceDate "2023.05.31"]
[SourceVersion "1"]
[SourceVersionDate "2023.05.31"]
[SourceQuality "1"]

1. Nf3 d5 2. d4 Nf6 3. c4 c6 4. Nc3 g6 5. Bf4 dxc4 6. a4 Nd5 7. Be5 f6 8. Bg3 Be6 9. a5 Na6 10. h4 Ndb4 11. h5 g5 12. e3 b5 13. axb6 axb6 14. Qb1 Nc2+ 15. Qxc2 Nb4 16. Rxa8 Nxc2+ 17. Kd2 Qxa8 18. Kxc2 b5 19. Nd2 b4 20. Ncb1 Qa2 0-1

[Event "CHN-chB"]
[Site "Qiziwan"]
[Date "2023.02.04"]
[Round "11"]
[White "Li, Bo"]
[Black "Wang, Yanbin"]
[Result "1/2-1/2"]
[WhiteElo "2310"]
[BlackElo "2473"]
[PlyCount "143"]
[EventDate "2023.01.30"]
[EventType "swiss"]
[EventRounds "11"]
[EventCountry "CHN"]
[SourceTitle "CBM 212 Extra"]
[Source "ChessBase"]
[SourceDate "2023.03.31"]
[SourceVersion "1"]
[SourceVersionDate "2023.03.31"]
[SourceQuality "1"]

1. d4 g6 2. e4 Bg7 3. Nc3 c5 4. Be3 Qa5 5. Qd2 cxd4 6. Bxd4 Bxd4 7. Qxd4 Nf6 8. Bc4 Nc6 9. Qe3 d6 10. Nge2 Ng4 11. Qf4 Nge5 12. Bb3 g5 13. Qe3 Be6 14. 0-0 Ng4 15. Qg3 h5 16. Nd5 h4 17. Qc3 Qxc3 18. Nexc3 Rc8 19. Rad1 Bd7 20. f3 Nge5 21. Ne3 Na5 22. Rf2 b6 23. Ncd5 Nb7 24. Nf5 Ng6 25. c3 Kf8 26. Nde3 Nc5 27. Bc2 Be6 28. Nd4 Kg7 29. Nef5+ Kf6 30. g3 hxg3 31. hxg3 Bxf5 32. Nxf5 Ne5 33. Kg2 Nb7 34. Ne3 e6 35. Rh1 Rxh1 36. Kxh1 Nc4 37. Nxc4 Rxc4 38. Kg2 Rc8 39. f4 Rg8 40. Kf3 Ke7 41. Rh2 Nc5 42. Rh1 Nd7 43. Ba4 Nf6 44. Bb3 gxf4 45. gxf4 e5 46. fxe5 dxe5 47. Rh4 Rg1 48. Rh8 Rf1+ 49. Ke2 Rb1 50. Ra8 a5 51. Ra7+ Kd6 52. Kd3 Rxb2 53. Rxf7 Rf2 54. Bd5 Rf3+ 55. Kc4 Rf4 56. Ba8 Nd7 57. Rh7 Nf6 58. Rf7 Ke6 59. Rf8 Nxe4 60. Re8+ Kf5 61. Rf8+ Nf6+ 62. Kb5 e4 63. Bxe4+ Kxe4 64. Rd8 Rf2 65. Kxb6 Rxa2 66. c4 a4 67. Kb5 Ke3 68. c5 Ra1 69. c6 a3 70. Kb4 Ne4 71. c7 a2 72. Ka3 1/2-1/2

[Event "CHN-chB"]
[Site "Qiziwan"]
[Date "2023.02.02"]
[Round "8"]
[White "Wang, Yanbin"]
[Black "Meng, Yihan"]
[Result "1-0"]
[WhiteElo "2473"]
[BlackElo "1867"]
[PlyCount "83"]
[EventDate "2023.01.30"]
[EventType "swiss"]
[EventRounds "11"]
[EventCountry "CHN"]
[SourceTitle "CBM 212 Extra"]
[Source "ChessBase"]
[SourceDate "2023.03.31"]
[SourceVersion "1"]
[SourceVersionDate "2023.03.31"]
[SourceQuality "1"]

1. e4 c5 2. Nf3 Nc6 3. Bb5 g6 4. 0-0 Bg7 5. Re1 e5 6. Bxc6 dxc6 7. d3 Qe7 8. Bg5 Nf6 9. Nbd2 h6 10. Bh4 g5 11. Bg3 Nd7 12. Nc4 h5 13. h3 f6 14. c3 Nb6 15. Ne3 Be6 16. a4 Rd8 17. Qe2 0-0 18. a5 Nc8 19. Bh2 Rd7 20. g4 Rfd8 21. Red1 Qe8 22. Nf5 Nd6 23. c4 hxg4 24. hxg4 Bxf5 25. gxf5 Qh5 26. Bg3 Qg4 27. Kg2 Bf8 28. Qc2 Rh7 29. Rh1 Rdd7 30. b4 Ne8 31. Nxe5 fxe5 32. f3 Qh5 33. Rxh5 Rxh5 34. Bxe5 Rdh7 35. Bg3 Bd6 36. e5 Bc7 37. d4 cxd4 38. f6 R5h6 39. Qf5 d3 40. Rd1 Rf7 41. Qxg5+ Kh7 42. Bf4 1-0

[Event "CHN-chB"]
[Site "Qiziwan"]
[Date "2023.02.02"]
[Round "7"]
[White "Zhu, Hengyi"]
[Black "Wang, Yanbin"]
[Result "1-0"]
[WhiteElo "2163"]
[BlackElo "2473"]
[PlyCount "75"]
[EventDate "2023.01.30"]
[EventType "swiss"]
[EventRounds "11"]
[EventCountry "CHN"]
[SourceTitle "CBM 212 Extra"]
[Source "ChessBase"]
[SourceDate "2023.03.31"]
[SourceVersion "1"]
[SourceVersionDate "2023.03.31"]
[SourceQuality "1"]

1. e4 c6 2. d4 d5 3. e5 Bf5 4. h4 h5 5. Bd3 Bxd3 6. Qxd3 Qa5+ 7. b4 Qxb4+ 8. Nd2 Qb5 9. c4 dxc4 10. Nxc4 e6 11. Ne2 Qa6 12. Ng3 b5 13. Nd2 Nd7 14. 0-0 Nb6 15. Qf3 Nd5 16. Nde4 g6 17. Bg5 Qa3 18. Qe2 Rc8 19. Rfc1 Qa4 20. Rab1 Ba3 21. Rc2 a6 22. Qd2 Nge7 23. Rb3 Rc7 24. Nd6+ Kf8 25. Qd3 Bb4 26. Nge4 f5 27. exf6 Nf5 28. Nxf5 exf5 29. Re2 Kf7 30. Ng3 Re8 31. Nxf5 Bf8 32. Nh6+ Bxh6 33. Rxe8 Bxg5 34. hxg5 Kxe8 35. Qxg6+ Rf7 36. Qg8+ Rf8 37. Qe6+ Kd8 38. Qd6+ 1-0

[Event "New Star Super m"]
[Site "Beijing"]
[Date "2019.12.11"]
[Round "3.2"]
[White "Wang, Yanbin"]
[Black "Xu, Xiangyu"]
[Result "1/2-1/2"]
[WhiteElo "2220"]
[BlackElo "2441"]
[PlyCount "85"]
[EventDate "2019.12.09"]
[EventType "k.o. (rapid)"]
[EventRounds "5"]
[EventCountry "CHN"]
[SourceTitle "EXT 2021"]
[Source "ChessBase"]
[SourceDate "2020.10.23"]
[SourceVersion "1"]
[SourceVersionDate "2020.10.23"]
[SourceQuality "1"]

1. Nf3 d5 2. c4 c6 3. d4 Nf6 4. Nc3 dxc4 5. a4 e6 6. e3 c5 7. Bxc4 Nc6 8. 0-0 Be7 9. Ne5 cxd4 10. Nxc6 bxc6 11. exd4 0-0 12. Bf4 a5 13. Be5 Ba6 14. b3 Nd7 15. Qg4 Nxe5 16. dxe5 Bxc4 17. Qxc4 Qb6 18. Rfd1 Rfd8 19. Rxd8+ Rxd8 20. Rd1 Rxd1+ 21. Nxd1 Bc5 22. Kf1 Bd4 23. f4 h6 24. Ke2 Bg1 25. h3 h5 26. g4 hxg4 27. hxg4 Bd4 28. f5 c5 29. fxe6 fxe6 30. Qb5 Qd8 31. Qc6 Kf7 32. Qf3+ Ke7 33. Ne3 Bxe3 34. Qxe3 Qd5 35. Qg5+ Kf8 36. Qe3 Kg8 37. Qc3 Qg2+ 38. Ke1 Qe4+ 39. Kf2 Qf4+ 40. Ke1 Qe4+ 41. Kf2 Qf4+ 42. Ke1 Qe4+ 43. Kf2 1/2-1/2